000 00187nam a2200073Ia 4500
008 170617s9999 xx 000 0 und d
100 _aFlorey-klaus
245 0 _aAnalytical Profiles of Drug Substances
260 _bPragati
999 _c14917
_d14917